|
|
|
|
| LEADER |
00932nab#a2200361#ar4500 |
| 001 |
000120721 |
| 003 |
SVKKK |
| 005 |
20171030095147.0 |
| 008 |
130826c2017 xo |||||||||||||||b|slo |
| FMT |
|
|
|
| 015 |
|
|
|a SNBRB2017/10
|
| 038 |
|
|
|a SVKKK
|
| 040 |
|
|
|a SVKKK
|b slo
|e AACR2
|
| 041 |
0 |
|
|a slo
|b slo
|
| 044 |
|
|
|a xo
|c SK
|
| 080 |
|
|
|a 621.791.053
|2 2011
|
| 080 |
|
|
|a 621.791.55
|2 2011
|
| 080 |
|
|
|a 539.375
|2 2011
|
| 100 |
1 |
|
|a Hornig, Jozef
|4 aut
|
| 245 |
1 |
0 |
|a Tvarové a rozmerové deformácie pri tavnom zváraní - zváranie lodí
|c Jozef Hornig
|
| 300 |
|
|
|b Obr., tab.
|
| 546 |
|
|
|a Res. slov.
|
| 650 |
0 |
4 |
|a tavné zváranie
|
| 650 |
0 |
4 |
|a zvary
|
| 650 |
0 |
4 |
|a tvarová presnosť
|
| 650 |
0 |
4 |
|a deformácie
|x mechanické vlastnosti
|
| 773 |
0 |
|
|t Zvarovanie = Svařování
|g Roč. 66, č. 1-2 (2017), s. 16-18
|x 0044-5525
|
| 974 |
|
|
|a MI
|
| 992 |
|
|
|a RBX
|
| BAS |
|
|
|
| 852 |
|
|
|a SVKKK
|b BIB
|
| EXP |
|
|
|
| 998 |
|
|
|a HUT
|